ბათუმის შოთა რუსთაველის სახელმწიფო უნივერსიტეტის ბიბლიოთეკა

ტესტები მცენარეთა ბიოტექნოლოგიაში (ბიბ.ჩანაწერი № 50758)

000 -LEADER
fixed length control field 00722nam a2200217Ia 4500
001 - CONTROL NUMBER
control field 17710
003 - CONTROL NUMBER IDENTIFIER
control field GE_BSU
008 - FIXED-LENGTH DATA ELEMENTS--GENERAL INFORMATION
fixed length control field 181216s||||||||xx |||||||||||||| ||und||
020 ## - INTERNATIONAL STANDARD BOOK NUMBER
International Standard Book Number 9789992853525
040 ## - CATALOGING SOURCE
Transcribing agency GE_BSU
080 ## - UNIVERSAL DECIMAL CLASSIFICATION NUMBER
Universal Decimal Classification number 573.6+577.1(076.1)
100 ## - MAIN ENTRY--PERSONAL NAME
Personal name ქობალია,ვახტანგ
245 ## - TITLE STATEMENT
Title ტესტები მცენარეთა ბიოტექნოლოგიაში
245 ## - TITLE STATEMENT
Statement of responsibility, etc. რედ.კილაძე რ.
260 ## - PUBLICATION, DISTRIBUTION, ETC.
Place of publication, distribution, etc. ქუთაისი
260 ## - PUBLICATION, DISTRIBUTION, ETC.
Date of publication, distribution, etc. 2009
300 ## - PHYSICAL DESCRIPTION
Extent 302გვ. 20სმ.
300 ## - PHYSICAL DESCRIPTION
Accompanying material ბიბლ.გვ.300
653 ## - INDEX TERM--UNCONTROLLED
Uncontrolled term ტესტები მცენარეთა ბიოტექნოლოგიაში
942 ## - ADDED ENTRY ELEMENTS (KOHA)
Koha item type წიგნი
ეგზემპლარები
Withdrawn status Lost status Damaged status Not for loan Date acquired Barcode Date last seen Price effective from Koha item type
        2018-12-17 41566 2018-12-17 2018-12-17 წიგნი
        2018-12-17 41565 2018-12-17 2018-12-17 წიგნი